Kaigarakiman bikhista sikshabid aru kaikhanman rasana (Record no. 1672)

MARC details
000 -LEADER
fixed length control field 00586cam a2200205ua 4500
008 - FIXED-LENGTH DATA ELEMENTS--GENERAL INFORMATION
fixed length control field 110811n ii |||gr||||Z||||||eng
020 ## - INTERNATIONAL STANDARD BOOK NUMBER
International Standard Book Number 81-7339-024-X
040 ## - CATALOGING SOURCE
Transcribing agency MAIN
082 ## - DEWEY DECIMAL CLASSIFICATION NUMBER
Classification number 370.092
100 ## - MAIN ENTRY--PERSONAL NAME
Personal name Sarma, Arun Kr.,
Relator term
245 1# - TITLE STATEMENT
Title Kaigarakiman bikhista sikshabid aru kaikhanman rasana
Statement of responsibility, etc. by Arun Kr. Sarma
250 ## - EDITION STATEMENT
Edition statement 1st.
260 ## - PUBLICATION, DISTRIBUTION, ETC.
Place of publication, distribution, etc. Dibrugarh:
Name of publisher, distributor, etc. Banalata,993.
300 ## - PHYSICAL DESCRIPTION
Extent 253p:
Dimensions 23cm.
942 ## - ADDED ENTRY ELEMENTS (KOHA)
Koha item type Books
653 ## - INDEX TERM--UNCONTROLLED
Uncontrolled term Education
653 ## - INDEX TERM--UNCONTROLLED
Uncontrolled term Kaigarakiman bikhista sikshabid aru kaikhanman rasana
653 ## - INDEX TERM--UNCONTROLLED
Uncontrolled term great educators and selected essays
Holdings
Withdrawn status Lost status Damaged status Not for loan Home library Current library Shelving location Date acquired Total Checkouts Full call number Barcode Date last seen Copy number Price effective from Koha item type
        Central Library, Naharkatiya College Central Library, Naharkatiya College General Stacks 19/09/2020   370.092 | SAR 11668 19/09/2020 1 19/09/2020 Books
        Central Library, Naharkatiya College Central Library, Naharkatiya College General Stacks 19/09/2020   370.092 | SAR 11669 19/09/2020 4 19/09/2020 Books
        Central Library, Naharkatiya College Central Library, Naharkatiya College General Stacks 19/09/2020   370.092 | SAR 11670 19/09/2020 5 19/09/2020 Books
        Central Library, Naharkatiya College Central Library, Naharkatiya College General Stacks 19/09/2020   370.092 | SAR 11671 19/09/2020 2 19/09/2020 Books
        Central Library, Naharkatiya College Central Library, Naharkatiya College General Stacks 19/09/2020   370.092 | SAR 11677 19/09/2020 3 19/09/2020 Books
        Central Library, Naharkatiya College Central Library, Naharkatiya College General Stacks 19/09/2020   370.092 | SAR 11678 18/11/2020 6 19/09/2020 Books

Naharkatiya College © 2020. All rights reserved.

Powered By